| 000 | 00000nam##2200000za#4500 |
| 001 | 9.680130 |
| 003 | CaOODSP |
| 005 | 20200401074744 |
| 007 | ta |
| 008 | 150407|1997||||xxc||||| f|0| 0 fre|d |
| 020 | |a0-662-82077-0 |
| 040 | |aCaOODSP|bfre |
| 043 | |an-cn--- |
| 086 | 1 |aEn21-125/1997F |
| 110 | 1 |aCanada. |bEnvironnement Canada. |
| 245 | 10|aDeuxième rapport national du Canada sur les changements climatiques : |bmesures prises en vertu de la Convention-cadre des Nations Unies sur les changements climatiques, mise à jour, novembre 1997 |
| 260 | |aOttawa - Ontario : |bEnvironnement Canada |c1997. |
| 300 | |axvii, 163p. : |bgraphiques, tableaux ; |c28 cm. |
| 500 | |aSommaire: Introduction.--Situation nationale.--Inventaire national des émissions de gaz à effet de serre du Canada.--Politique et mesures.--Projection pour les émissions jusqu'à l'an 2020.--Impacts possible du changement climatique sur le Canada.--Adaptation.--Aide financière et transfert technologique.--Recherche et observations systématiques.--Éducation, formation et sensibilisation publique. Mot symbole sur la couverture: Gouvernement du Canada. Données de catalogage avant publication (Canada) imprimées dans cette publication. |
| 563 | |aReliure à spirale |
| 590 | |a98-36|b1998-09-04 |
| 691 | 07|aClimat|2gcpds |
| 775 | 08|tCanada's second national report on climate change : |w(CaOODSP)9.646577 |
| 776 | 0#|tDeuxième rapport national du Canada sur les changements climatiques : |w(CaOODSP)9.639028 |